000 00600nam a22001577a 4500
020 _qHard Cover.
082 _a620.005
100 _aAkram, Sehrish
245 _aA comparative analysis of organizational effectiveness via creativity and innovation in public and private sectors of technical organizations in Pakistan /
_cSehrish Akram.
260 _aIslamabad:
_bCEME - NUST,
_c2013.
300 _a166 p. :
_bill. ;
_c30cm.
650 _aEngineering Management MS-Thesis.
_916065
700 _aDr. Shoab A. Khan
_918474
942 _2ddc
_cTHE
999 _c540702
_d540702